Top XIs: Everton FC (1979-2023) - Statistics

General Stats
  • This quiz has been taken 148 times
  • The average score is 154 of 450
Answer Stats
Hint Position Answer % Correct
2017/2018 ST D. Calvert-Lewin
82%
2019/2020 ST D. Calvert-Lewin
82%
2020/2021 ST D. Calvert-Lewin
82%
2022/2023 ST D. Calvert-Lewin
82%
2010/2011 DF Seamus Coleman
79%
2013/2014 DF Seamus Coleman
79%
2014/2015 DF Seamus Coleman
79%
2015/2016 DF Seamus Coleman
79%
2018/2019 DF Seamus Coleman
79%
2021/2022 DF Seamus Coleman
79%
2021/22 (EC) DF Seamus Coleman
79%
2022/2023 DF Seamus Coleman
79%
2002/2003 ST Wayne Rooney
77%
2003/2004 ST Wayne Rooney
77%
2017/2018 ST Wayne Rooney
77%
2018/2019 ST Richarlison
76%
2019/2020 ST Richarlison
76%
2020/2021 ST Richarlison
76%
2021/2022 ST Richarlison
76%
2021/22 (EC) ST Richarlison
76%
2008/2009 DF Leighton Baines
73%
2009/2010 DF Leighton Baines
73%
2010/2011 DF Leighton Baines
73%
2011/2012 DF Leighton Baines
73%
2012/2013 DF Leighton Baines
73%
2013/2014 DF Leighton Baines
73%
2014/2015 DF Leighton Baines
73%
2016/2017 DF Leighton Baines
73%
2013/2014 ST Romelu Lukaku
70%
2014/2015 ST Romelu Lukaku
70%
2015/2016 ST Romelu Lukaku
70%
2016/2017 ST Romelu Lukaku
70%
2017/2018 DF Michael Keane
68%
2018/2019 DF Michael Keane
68%
2019/2020 DF Michael Keane
68%
2020/2021 DF Michael Keane
68%
2021/2022 DF Michael Keane
68%
2021/22 (EC) DF Michael Keane
68%
2022/2023 DF Michael Keane
68%
2007/2008 DF Phil Jagielka
64%
2008/2009 DF Phil Jagielka
64%
2010/2011 DF Phil Jagielka
64%
2011/2012 DF Phil Jagielka
64%
2012/2013 DF Phil Jagielka
64%
2013/2014 DF Phil Jagielka
64%
2014/2015 DF Phil Jagielka
64%
2016/2017 DF Phil Jagielka
64%
1983/1984 ST Andy Gray
59%
1984/1985 ST Andy Gray
59%
2016/2017 MF Tom Davies
59%
2017/2018 MF Tom Davies
59%
2019/2020 MF Tom Davies
59%
2017/2018 MF Gylfi Sigurdsson
58%
2018/2019 MF Gylfi Sigurdsson
58%
2019/2020 MF Gylfi Sigurdsson
58%
2020/2021 MF Gylfi Sigurdsson
58%
2018/2019 DF Lucas Digne
56%
2019/2020 DF Lucas Digne
56%
2020/2021 DF Lucas Digne
56%
2019/2020 DF Yerry Mina
56%
2020/2021 DF Yerry Mina
56%
2020/2021 MF James Rodríguez
55%
2020/2021 MF Allan
53%
2021/2022 MF Allan
53%
2021/22 (EC) MF Allan
53%
2022/2023 MF Allan
53%
1994/1995 ST Duncan Ferguson
53%
1995/1996 ST Duncan Ferguson
53%
1996/1997 ST Duncan Ferguson
53%
1997/1998 ST Duncan Ferguson
53%
1998/1999 ST Duncan Ferguson
53%
2008/2009 MF Marouane Fellaini
53%
2009/2010 MF Marouane Fellaini
53%
2010/2011 MF Marouane Fellaini
53%
2011/2012 MF Marouane Fellaini
53%
2012/2013 MF Marouane Fellaini
53%
2022/2023 DF James Tarkowski
52%
2020/2021 MF Abdoulay Doucouré
50%
2021/2022 MF Abdoulay Doucouré
50%
2022/2023 MF Abdoulay Doucouré
50%
1985/1986 ST Gary Lineker
50%
2016/2017 MF Idrissa Gana Gueye
48%
2017/2018 MF Idrissa Gana Gueye
48%
2018/2019 MF Idrissa Gana Gueye
48%
2004/2005 MF Tim Cahill
48%
2005/2006 MF Tim Cahill
48%
2006/2007 MF Tim Cahill
48%
2008/2009 ST Tim Cahill
48%
2009/2010 MF Tim Cahill
48%
2010/2011 MF Tim Cahill
48%
2011/2012 MF Tim Cahill
48%
2021/22 (EC) MF Anthony Gordon
47%
2022/2023 MF Anthony Gordon
47%
2021/2022 MF Anthony Gordon
47%
2018/2019 MF Theo Walcott
47%
2006/2007 ST Andrew Johnson
45%
2007/2008 ST Andrew Johnson
45%
2013/2014 MF Gareth Barry
45%
2014/2015 MF Gareth Barry
45%
2015/2016 MF Gareth Barry
45%
2016/2017 MF Gareth Barry
45%
2018/2019 MF André Gomes
44%
2019/2020 MF André Gomes
44%
2021/22 (EC) MF André Gomes
44%
2004/2005 MF Leon Osman
44%
2005/2006 MF Leon Osman
44%
2006/2007 MF Leon Osman
44%
2007/2008 MF Leon Osman
44%
2008/2009 MF Leon Osman
44%
2009/2010 MF Leon Osman
44%
2011/2012 MF Leon Osman
44%
2012/2013 MF Leon Osman
44%
2013/2014 MF Aaron Lennon
42%
2015/2016 MF Aaron Lennon
42%
2019/2020 MF Alex Iwobi
42%
2022/2023 MF Alex Iwobi
42%
2014/2015 DF John Stones
42%
2015/2016 DF John Stones
42%
2006/2007 DF Joleon Lescott
42%
2007/2008 DF Joleon Lescott
42%
2008/2009 DF Joleon Lescott
42%
2013/2014 MF Ross Barkley
42%
2014/2015 MF Ross Barkley
42%
2015/2016 MF Ross Barkley
42%
2016/2017 MF Ross Barkley
42%
2016/2017 DF Ashley Williams
41%
2017/2018 DF Ashley Williams
41%
2012/2013 MF Kevin Mirallas
41%
2014/2015 MF Kevin Mirallas
41%
2016/2017 MF Kevin Mirallas
41%
2021/2022 DF Mason Holgate
41%
2021/22 (EC) DF Mason Holgate
41%
2007/2008 MF Steven Pienaar
41%
2008/2009 MF Steven Pienaar
41%
2009/2010 MF Steven Pienaar
41%
2012/2013 MF Steven Pienaar
41%
1981/1982 ST Graeme Sharp
39%
1982/1983 ST Graeme Sharp
39%
1983/1984 ST Graeme Sharp
39%
1984/1985 ST Graeme Sharp
39%
1985/1986 ST Graeme Sharp
39%
1986/1987 ST Graeme Sharp
39%
1987/1988 ST Graeme Sharp
39%
1988/1989 ST Graeme Sharp
39%
1989/1990 ST Graeme Sharp
39%
1990/1991 ST Graeme Sharp
39%
2005/2006 DF Phil Neville
39%
2006/2007 DF Phil Neville
39%
2007/2008 DF Phil Neville
39%
2008/2009 MF Phil Neville
39%
2010/2011 MF Phil Neville
39%
2011/2012 MF Phil Neville
39%
1986/1987 DF Dave Watson
38%
1987/1988 DF Dave Watson
38%
1988/1989 DF Dave Watson
38%
1989/1990 DF Dave Watson
38%
1990/1991 DF Dave Watson
38%
1991/1992 DF Dave Watson
38%
1992/1993 DF Dave Watson
38%
1993/1994 DF Dave Watson
38%
1994/1995 DF Dave Watson
38%
1995/1996 DF Dave Watson
38%
1996/1997 DF Dave Watson
38%
1997/1998 DF Dave Watson
38%
2005/2006 MF Mikel Arteta
38%
2006/2007 MF Mikel Arteta
38%
2007/2008 MF Mikel Arteta
38%
2008/2009 MF Mikel Arteta
38%
2010/2011 MF Mikel Arteta
38%
1983/1984 MF Peter Reid
38%
1984/1985 MF Peter Reid
38%
1986/1987 MF Peter Reid
38%
1987/1988 MF Peter Reid
38%
2000/2001 DF Steve Watson
38%
2007/2008 ST Yakubu Aiyegbeni
38%
2020/2021 DF Ben Godfrey
36%
2021/2022 DF Ben Godfrey
36%
1981/1982 DF Gary Stevens
36%
1982/1983 DF Gary Stevens
36%
1983/1984 DF Gary Stevens
36%
1984/1985 DF Gary Stevens
36%
1985/1986 DF Gary Stevens
36%
1986/1987 DF Gary Stevens
36%
1987/1988 DF Gary Stevens
36%
1984/1985 MF Trevor Steven
36%
1985/1986 MF Trevor Steven
36%
1986/1987 MF Trevor Steven
36%
1987/1988 MF Trevor Steven
36%
1988/1989 MF Trevor Steven
36%
1982/1983 MF Kevin Sheedy
35%
1983/1984 MF Kevin Sheedy
35%
1984/1985 MF Kevin Sheedy
35%
1985/1986 MF Kevin Sheedy
35%
1986/1987 MF Kevin Sheedy
35%
1988/1989 MF Kevin Sheedy
35%
1989/1990 MF Kevin Sheedy
35%
1990/1991 MF Kevin Sheedy
35%
2009/2010 ST Louis Saha
35%
2010/2011 ST Louis Saha
35%
2011/2012 ST Louis Saha
35%
2021/2022 MF Andros Townsend
33%
2000/2001 MF Thomas Gravesen
33%
2001/2002 MF Thomas Gravesen
33%
2002/2003 MF Thomas Gravesen
33%
2003/2004 MF Thomas Gravesen
33%
2004/2005 MF Thomas Gravesen
33%
2021/22 (EC) DF Vitaliy Mykolenko
33%
2022/2023 DF Vitaliy Mykolenko
33%
1999/2000 ST Kevin Campbell
32%
2000/2001 ST Kevin Campbell
32%
2001/2002 ST Kevin Campbell
32%
2002/2003 ST Kevin Campbell
32%
1981/1982 DF Kevin Ratcliffe
32%
1982/1983 DF Kevin Ratcliffe
32%
1983/1984 DF Kevin Ratcliffe
32%
1984/1985 DF Kevin Ratcliffe
32%
1985/1986 DF Kevin Ratcliffe
32%
1986/1987 DF Kevin Ratcliffe
32%
1988/1989 DF Kevin Ratcliffe
32%
1990/1991 DF Kevin Ratcliffe
32%
1981/1982 MF Kevin Richardson
32%
1982/1983 MF Kevin Richardson
32%
1983/1984 MF Kevin Richardson
32%
2004/2005 ST Marcus Bent
32%
2018/2019 MF Bernard
30%
1996/1997 MF Gary Speed
30%
1997/1998 MF Gary Speed
30%
2013/2014 ST Steven Naismith
30%
2014/2015 ST Steven Naismith
30%
2009/2010 DF Sylvain Distin
30%
2010/2011 DF Sylvain Distin
30%
2012/2013 DF Sylvain Distin
30%
2013/2014 DF Sylvain Distin
30%
2013/2014 MF James McCarthy
29%
2014/2015 MF James McCarthy
29%
2015/2016 MF James McCarthy
29%
1989/1990 MF Stuart McCall
29%
1990/1991 MF Stuart McCall
29%
1995/1996 MF Andrei Kanchelskis
27%
1996/1997 MF Andrei Kanchelskis
27%
1994/1995 DF David Unsworth
27%
1995/1996 DF David Unsworth
27%
1996/1997 DF David Unsworth
27%
1998/1999 DF David Unsworth
27%
1999/2000 DF David Unsworth
27%
2001/2002 DF David Unsworth
27%
2002/2003 DF David Unsworth
27%
1999/2000 DF David Weir
27%
2000/2001 DF David Weir
27%
2001/2002 DF David Weir
27%
2002/2003 DF David Weir
27%
2004/2005 DF David Weir
27%
2005/2006 DF David Weir
27%
1992/1993 DF Gary Ablett
27%
1993/1994 DF Gary Ablett
27%
1993/1994 MF Graham Stuart
27%
1995/1996 MF Graham Stuart
27%
1996/1997 MF Graham Stuart
27%
1997/1998 MF Graham Stuart
27%
2009/2010 DF Johnny Heitinga
27%
2011/2012 DF Johnny Heitinga
27%
2012/2013 DF Johnny Heitinga
27%
2003/2004 DF Joseph Yobo
27%
2005/2006 DF Joseph Yobo
27%
2006/2007 DF Joseph Yobo
27%
2007/2008 DF Joseph Yobo
27%
2008/2009 DF Joseph Yobo
27%
2017/2018 MF Morgan Schneiderlin
27%
2003/2004 DF Tony Hibbert
27%
2004/2005 DF Tony Hibbert
27%
2005/2006 DF Tony Hibbert
27%
2009/2010 DF Tony Hibbert
27%
2011/2012 DF Tony Hibbert
27%
1981/1982 ST Adrian Heath
26%
1982/1983 ST Adrian Heath
26%
1983/1984 MF Adrian Heath
26%
1985/1986 MF Adrian Heath
26%
1986/1987 ST Adrian Heath
26%
1987/1988 ST Adrian Heath
26%
1979/1980 DF Billy Wright
26%
1980/1981 DF Billy Wright
26%
1983/1984 DF Derek Mountfield
26%
1984/1985 DF Derek Mountfield
26%
1985/1986 DF Derek Mountfield
26%
1979/1980 DF John Bailey
26%
1980/1981 DF John Bailey
26%
1982/1983 DF John Bailey
26%
1983/1984 DF John Bailey
26%
2002/2003 MF Lee Carsley
26%
2004/2005 MF Lee Carsley
26%
2006/2007 MF Lee Carsley
26%
2007/2008 MF Lee Carsley
26%
1991/1992 MF Mark Ward
26%
1993/1994 MF Mark Ward
26%
2011/2012 ST Nikica Jelavić
26%
2012/2013 ST Nikica Jelavić
26%
1993/1994 ST Paul Rideout
26%
1994/1995 ST Paul Rideout
26%
1991/1992 ST Peter Beardsley
26%
1992/1993 ST Peter Beardsley
26%
2021/22 (EC) ST Salomón Rondón
26%
1988/1989 ST Tony Cottee
26%
1989/1990 ST Tony Cottee
26%
1992/1993 ST Tony Cottee
26%
1993/1994 ST Tony Cottee
26%
2015/2016 MF Gerard Deulofeu
24%
1991/1992 DF Matt Jackson
24%
1992/1993 DF Matt Jackson
24%
1993/1994 DF Matt Jackson
24%
1994/1995 DF Matt Jackson
24%
1997/1998 DF Michael Ball
24%
1998/1999 DF Michael Ball
24%
2000/2001 DF Michael Ball
24%
1986/1987 DF Alan Harper
23%
1991/1992 DF Alan Harper
23%
1979/1980 MF Andy King
23%
1982/1983 MF Andy King
23%
1979/1980 ST Bob Latchford
23%
1980/1981 ST Bob Latchford
23%
2000/2001 DF Gary Naysmith
23%
2001/2002 DF Gary Naysmith
23%
2002/2003 DF Gary Naysmith
23%
2003/2004 DF Gary Naysmith
23%
2005/2006 ST James McFadden
23%
1984/1985 DF Pat Van Den Hauwe
23%
1985/1986 DF Pat Van Den Hauwe
23%
1987/1988 DF Pat Van Den Hauwe
23%
1988/1989 DF Pat Van Den Hauwe
23%
1984/1985 MF Paul Bracewell
23%
1985/1986 MF Paul Bracewell
23%
1988/1989 MF Paul Bracewell
23%
1980/1981 MF Steve McMahon
23%
1981/1982 MF Steve McMahon
23%
1982/1983 MF Steve McMahon
23%
2001/2002 DF Alan Stubbs
21%
2002/2003 DF Alan Stubbs
21%
2003/2004 DF Alan Stubbs
21%
2004/2005 DF Alan Stubbs
21%
2006/2007 DF Alan Stubbs
21%
1994/1995 MF Anders Limpar
21%
1995/1996 MF Anders Limpar
21%
1998/1999 MF John Collins
21%
1999/2000 MF John Collins
21%
1999/2000 DF Richard Dunne
21%
2005/2006 ST James Beattie
20%
2006/2007 ST James Beattie
20%
2003/2004 MF Kevin Kilbane
20%
2004/2005 MF Kevin Kilbane
20%
1996/1997 MF Nick Barmby
20%
1997/1998 MF Nick Barmby
20%
1998/1999 MF Nick Barmby
20%
1999/2000 MF Nick Barmby
20%
2015/2016 DF Ramiro Funes Mori
20%
2016/2017 DF Ramiro Funes Mori
20%
2015/2016 MF Tom Cleverley
20%
2012/2013 ST Victor Anichebe
20%
1993/1994 DF Andy Hinchcliffe
18%
1994/1995 DF Andy Hinchcliffe
18%
1995/1996 DF Andy Hinchcliffe
18%
1997/1998 DF Andy Hinchcliffe
18%
1987/1988 MF Ian Wilson
18%
2001/2002 ST Tomasz Radzinski
18%
2002/2003 ST Tomasz Radzinski
18%
2003/2004 ST Tomasz Radzinski
18%
1999/2000 DF Abel Xavier
17%
2001/2002 DF Alessandro Pistone
17%
2003/2004 DF Alessandro Pistone
17%
2004/2005 DF Alessandro Pistone
17%
1994/1995 ST Daniel Amokachi
17%
1995/1996 ST Daniel Amokachi
17%
2017/2018 DF Jonjoe Kenny
17%
1979/1980 DF John Gidman
17%
1980/1981 DF John Gidman
17%
1989/1990 DF Martin Keown
17%
1990/1991 DF Martin Keown
17%
1991/1992 DF Martin Keown
17%
1992/1993 DF Martin Keown
17%
1991/1992 ST Mo Johnston
17%
1988/1989 MF Pat Nevin
17%
1989/1990 MF Pat Nevin
17%
1990/1991 MF Pat Nevin
17%
1992/1993 MF Barry Horne
15%
1993/1994 MF Barry Horne
15%
1994/1995 MF Barry Horne
15%
1995/1996 MF Barry Horne
15%
1998/1999 MF Don Hutchison
15%
1999/2000 MF Don Hutchison
15%
1987/1988 MF Ian Snodin
15%
1990/1991 MF John Ebbrell
15%
1991/1992 MF John Ebbrell
15%
1992/1993 MF John Ebbrell
15%
1993/1994 MF John Ebbrell
15%
2018/2019 DF Kurt Zouma
15%
1981/1982 MF Alan Irvine
14%
1996/1997 DF Earl Barrett
14%
1994/1995 MF Joe Parkinson
14%
1996/1997 MF Joe Parkinson
14%
1998/1999 DF Marco Materazzi
14%
1999/2000 MF Mark Pembridge
14%
2000/2001 MF Mark Pembridge
14%
2002/2003 MF Mark Pembridge
14%
1979/1980 DF Mick Lyons
14%
1980/1981 DF Mick Lyons
14%
1981/1982 DF Mick Lyons
14%
1999/2000 DF Richard Gough
14%
2000/2001 MF Scot Gemmill
14%
2001/2002 MF Scot Gemmill
14%
1995/1996 DF Craig Short
12%
1997/1998 DF Craig Short
12%
1998/1999 DF Craig Short
12%
2021/2022 MF Demarai Gray
12%
2021/22 (EC) MF Demarai Gray
12%
2022/2023 MF Demarai Gray
12%
2019/2020 DF Djibril Sidibé
12%
1988/1989 DF Neil McDonald
12%
1989/1990 DF Neil McDonald
12%
1990/1991 DF Neil McDonald
12%
2000/2001 MF Nicl. Alexandersson
12%
2001/2002 MF Nicl. Alexandersson
12%
1989/1990 ST Norman Whiteside
12%
2005/2006 DF Nuno Valente
12%
1998/1999 MF Olivier Dacourt
12%
1979/1980 MF Trevor Ross
12%
1980/1981 MF Trevor Ross
12%
1981/1982 MF Trevor Ross
12%
2000/2001 MF Alex Nyarko
11%
1986/1987 MF Paul Power
11%
1998/1999 ST Ibrahima Bakayoko
9%
1997/1998 ST Mickaël Madar
9%
1991/1992 MF Robert Warzycha
9%
1992/1993 MF Robert Warzycha
9%
1997/1998 DF Slaven Bilić
9%
1979/1980 MF Asa Hartford
8%
1980/1981 MF Asa Hartford
8%
1979/1980 ST Brian Kidd
8%
2017/2018 DF Cuco Martina
8%
1981/1982 DF Mark Higgins
8%
1982/1983 DF Mark Higgins
8%
1992/1993 MF Preki
8%
1980/1981 ST Imre Varadi
6%
1987/1988 DF Neil Pointon
6%
1989/1990 DF Neil Pointon
6%
2003/2004 MF Tobias Linderoth
6%
2009/2010 MF Diniyar Bilyaletdinov
5%
2010/2011 ST Jermaine Beckford
5%
1990/1991 ST Mike Newell
5%
1991/1992 ST Mike Newell
5%
1996/1997 MF Claus Thomsen
3%
1979/1980 ST Peter Eastoe
3%
1980/1981 ST Peter Eastoe
3%
No matching quizzes found
Score Distribution
Percent of People with Each Score
Percentile by Number Answered
Your Score History
You have not taken this quiz